Flaggen der Länder, die mit T beginnen - Statistiken

Allgemein
  • Dieses Quiz wurde 58 mal gespielt
  • Das Durchschnittsergebnis liegt bei 11 aus 13
Antwortstatistiken
Bildquiz Antwort % Korrekt
Tschechien
98%
Türkei
98%
Thailand
94%
Tunesien
94%
Turkmenistan
90%
Tuvalu
90%
Tadschikistan
86%
Togo
86%
Tansania
84%
Taiwan
82%
Tonga
80%
Trinidad und Tobago
80%
Tschad
80%
Keine übereinstimmenden Quizze gefunden
Verteilung der Resultate
Anzahl Personen mit jedem Resultat
Perzentil nach korrekt beantworteten Fragen
Ihre Resultats-Entwicklung
Sie haben dieses Quiz noch nicht gespielt